Biografías de americanos

Guardat en:
Dades bibliogràfiques
Autors principals: Amunátegui, Miguel Luis (Autor), Amunátegui, Gregorio Víctor (Autor)
Format: Llibre
Idioma:espanyol
Publicat: Santiago Imprenta Nacional 1854
Edició:1a. ed
Matèries:
Etiquetes: Afegir etiqueta
Sense etiquetes, Sigues el primer a etiquetar aquest registre!

MARC

LEADER 00000nam a2200000 a 4500
001 UCJ4307
003 CL-VaPUC
008 070124e18541200CL |||||||||||||||||spa|d
082 0 4 |a 923  |b AMU  |2 21 
100 0 |a Amunátegui, Miguel Luis  |e author  |9 506140 
700 0 |a Amunátegui, Gregorio Víctor  |e author  |9 342447 
245 1 0 |a Biografías de americanos 
250 |a 1a. ed 
300 |a 389 p 
942 |c BK 
945 |d 20070124 00:00:00  |a rinostro 
260 |a Santiago  |b Imprenta Nacional  |c 1854 
600 0 7 |a VENDEL HEYL, LUIS ANTONIO  |2 CL-VaPUC  |9 507731 
600 0 7 |a BELLO, ANDRES  |2 CL-VaPUC  |9 507732 
600 0 |a Henríquez, Camilo  |9 337912 
600 0 7 |a RODRIGUEZ, SIMON  |2 CL-VaPUC  |9 257389 
600 0 |a Salas, Manuel de  |9 443666 
600 0 7 |a RODRIGUEZ BALLESTEROS, JOSE  |2 CL-VaPUC  |9 507733 
600 0 7 |a ACADEMIA DE SAN LUIS  |2 CL-VaPUC  |9 507734 
650 0 |a Biografías  |9 255210 
650 0 |a Diplomacia  |9 256483 
650 0 |a Poesía   |9 265825 
650 0 |a Gramática  |9 270497 
650 0 |a Crítica  |9 373015 
650 0 |a Derecho civil  |9 255013 
650 0 |a Educación  |9 258661 
650 0 |a Educación técnica  |9 307052 
650 0 |a Metodología de la enseñanza   |9 380289 
650 7 |a SOCIALISMO UTOPICO  |2 CL-VaPUC  |9 431914 
650 0 |a Imprenta  |9 265883 
650 0 |a Prensa y periodismo   |z Chile  |9 504409 
650 0 |a Independencia   |9 344246 
650 0 |a Historiografía   |9 257871 
650 0 |a Crítica  |9 373015 
650 0 |a Ortografía  |9 309144 
583 |a last modification  |c 20070124 00:00:00  |k Rodrigo Vera 
999 |c 320424  |d 320422 
952 |0 0  |1 0  |4 0  |6 923_000000000000000_AMU_1854  |7 0  |8 X  |9 398944  |a FDOBUD  |b FDOBUD  |d 2019-11-22  |i 101658K  |o 923 AMU 1854  |p 101658K  |r 2019-11-22  |w 2019-11-22  |y BK_X  |k BUD